[Event "Linares Femenin Int 2013"]
[Site "Linares ESP"]
[Date "2013.09.09"]
[Round "2.1"]
[White "Collado Barbas, Laura"]
[Black "Guramishvili, Sopiko"]
[Result "0-1"]
[WhiteTitle "WFM"]
[BlackTitle "IM"]
[WhiteElo "2152"]
[BlackElo "2431"]
[WhiteFideId "2294907"]
[BlackFideId "13602888"]
[EventDate "2013.09.08"]

1. d4 d5 2. c4 c6 3. Nf3 e6 4. e3 Bd6 5. b3 f5 6. Bd3 Nf6 7. O-O Qe7 8. Bb2 O-O
9. Qc1 b6 10. Ba3 c5 11. cxd5 Nxd5 12. Nbd2 Bb7 13. dxc5 bxc5 14. Nc4 Nb4 15.
Be2 Bc7 16. Bb2 Nd7 17. a3 Nd5 18. Nfe5 Qg5 19. Bf3 Nxe5 20. Bxe5 Bxe5 0-1

[Event "Linares Femenin Int 2013"]
[Site "Linares ESP"]
[Date "2013.09.09"]
[Round "2.4"]
[White "Savina, Anastasia"]
[Black "Matnadze, Ana"]
[Result "1-0"]
[WhiteTitle "IM"]
[BlackTitle "IM"]
[WhiteElo "2390"]
[BlackElo "2384"]
[WhiteFideId "4196872"]
[BlackFideId "13601377"]
[EventDate "2013.09.08"]

1. d4 c6 2. c4 g6 3. Nc3 Bg7 4. Nf3 d6 5. g3 Nd7 6. Bg2 Ngf6 7. O-O O-O 8. e4 e5
9. h3 Re8 10. Re1 a5 11. Be3 h6 12. Qc2 b6 13. Rad1 Qc7 14. Na4 Ba6 15. c5 exd4
16. cxd6 d3 17. Qxd3 Bxd3 18. dxc7 Bc2 19. Nxb6 Bxd1 20. Rxd1 Nxb6 21. Bxb6 Nxe4
22. Nd2 f5 23. Nc4 Bf8 24. Bxe4 fxe4 25. Nxa5 c5 26. Nc6 Be7 27. Rd7 Bg5 28.
Bxc5 Rxa2 29. Na7 e3 30. fxe3 Rxb2 31. c8=Q Rxc8 32. Nxc8 Rc2 33. Ne7+ Kf7 34.
h4 Bxh4 35. gxh4 Rxc5 36. Ra7 g5 37. h5 g4 38. Nd5+ Ke6 39. Nf4+ Kf5 40. Kf2 Rc3
41. Ra5+ Ke4 42. Ra4+ Kf5 43. Ra5+ Ke4 44. Ra6 Kf5 45. Ne2 Rc2 46. Rxh6 Kg5 47.
Rh8 Kh4 48. h6 Kh3 49. h7 Rc7 50. e4 Kh4 51. Ke3 Re7 52. Nd4 Kh3 53. Nf5 Ra7 54.
Kf4 Rb7 55. Rg8 Rxh7 56. Rg5 Ra7 57. e5 Ra4+ 1-0

[Event "Linares Femenin Int 2013"]
[Site "Linares ESP"]
[Date "2013.09.09"]
[Round "3.1"]
[White "Milliet, Sophie"]
[Black "Collado Barbas, Laura"]
[Result "1-0"]
[WhiteTitle "IM"]
[BlackTitle "WFM"]
[WhiteElo "2397"]
[BlackElo "2152"]
[WhiteFideId "623725"]
[BlackFideId "2294907"]
[EventDate "2013.09.08"]

1. e4 e6 2. d4 d5 3. Nc3 Bb4 4. Ne2 dxe4 5. a3 Bxc3+ 6. Nxc3 Nc6 7. d5 exd5 8.
Qxd5 Nf6 9. Qxd8+ Nxd8 10. Bg5 Bf5 11. Bxf6 gxf6 12. Nd5 Ne6 13. Nxf6+ Ke7 14.
Nd5+ Kf8 15. Ne3 Bg6 16. h4 h5 17. O-O-O Kg7 18. Bc4 Rhe8 19. Rd7 Rac8 20. g4
Nf8 21. Rd5 c6 22. Ra5 b5 23. Be2 Rc7 24. gxh5 Bh7 25. a4 Ne6 26. Rd1 f5 27.
axb5 f4 28. h6+ Kh8 29. Nc4 cxb5 30. Rxb5 Rec8 31. Re5 Nc5 32. Kb1 Na4 33. Red5
Rb7 34. Rd8+ Rxd8 35. Rxd8+ Bg8 36. Kc1 Kh7 37. Nd6 Rxb2 38. Rd7+ Kxh6 39. Nf5+
Kg6 40. Ne7+ Kg7 41. Nxg8+ Kxg8 42. Bc4+ Kh8 43. Bb3 Rxb3 44. cxb3 Nc5 45. Rxa7
Nd3+ 46. Kd2 Nxf2 47. b4 Ng4 48. b5 f3 49. b6 e3+ 50. Ke1 Ne5 51. Ra3 f2+ 52.
Ke2 Nc4 53. b7 1-0

[Event "Linares Femenin Int 2013"]
[Site "Linares ESP"]
[Date "2013.09.11"]
[Round "5.2"]
[White "Hernandez Estevez, Yudania"]
[Black "Milliet, Sophie"]
[Result "1-0"]
[WhiteTitle "WIM"]
[BlackTitle "IM"]
[WhiteElo "2248"]
[BlackElo "2397"]
[WhiteFideId "2219344"]
[BlackFideId "623725"]
[EventDate "2013.09.08"]

1. e4 c5 2. Nf3 g6 3. d4 cxd4 4. Qxd4 Nf6 5. e5 Nc6 6. Qa4 Nd5 7. Qe4 Ndb4 8.
Bc4 d5 9. exd6 Bf5 10. Ne5 Nxe5 11. Bb5+ Nec6 12. Qxb4 Qxd6 13. Qxd6 exd6 14.
O-O Bxc2 15. Nc3 Kd7 16. Bc4 Bg7 17. Be3 Bxc3 18. bxc3 f6 19. a4 Bf5 20. Rfd1
Kc7 21. Rd2 Rhe8 22. Rad1 Bg4 23. Rb1 Be6 24. Bb5 a6 25. Be2 Ne5 26. Bb6+ Kc6
27. Ba5 Nc4 28. Bxc4 Bxc4 29. Rb6+ Kc5 30. h3 Bd5 31. Rb1 Re6 32. Rbd1 Bb3 33.
Bb4+ Kb6 34. a5+ Kc7 35. Bxd6+ Kd7 36. Bc5+ Ke8 37. Bb6 Kf7 38. Kh2 Rc8 39. Kg3
Rc4 40. f3 Rec6 41. Bd4 g5 42. h4 gxh4+ 43. Kxh4 Ra4 44. Kg3 Rxa5 45. Rh1 Kg6
46. Kf4 Kf7 47. Bb6 Ra4+ 1-0

[Event "Linares Femenin Int 2013"]
[Site "Linares ESP"]
[Date "2013.09.11"]
[Round "6.2"]
[White "Savina, Anastasia"]
[Black "Daulyte, Deimante"]
[Result "0-1"]
[WhiteTitle "IM"]
[BlackTitle "WGM"]
[WhiteElo "2390"]
[BlackElo "2371"]
[WhiteFideId "4196872"]
[BlackFideId "12802859"]
[EventDate "2013.09.08"]

1. d4 d5 2. c4 e6 3. Nc3 c5 4. cxd5 exd5 5. Nf3 Nc6 6. g3 Nf6 7. Bg2 c4 8. O-O
Be7 9. Ne5 O-O 10. b3 cxb3 11. Nxc6 bxc6 12. axb3 Bf5 13. Na4 Qa5 14. Bg5 Rfb8
15. Nc5 Qc3 16. Rc1 Qa5 17. f3 h6 18. Bd2 Qb5 19. b4 Nd7 20. g4 Nxc5 21. bxc5
Bg6 22. f4 Be4 23. Bxe4 dxe4 24. g5 Qb3 25. Rc3 Qd5 26. Qc1 hxg5 27. fxg5 Qxd4+
28. Be3 Qd5 29. Rc4 Rb3 30. Rd4 Qe6 31. Rf4 Qg6 32. Rdxe4 Rb1 0-1

[Event "Linares Femenin Int 2013"]
[Site "Linares ESP"]
[Date "2013.09.14"]
[Round "9.5"]
[White "Savina, Anastasia"]
[Black "Martin Perez, Laura"]
[Result "1-0"]
[WhiteTitle "IM"]
[WhiteElo "2390"]
[BlackElo "2034"]
[WhiteFideId "4196872"]
[BlackFideId "22244735"]
[EventDate "2013.09.08"]

1. d4 Nf6 2. c4 c5 3. d5 b5 4. cxb5 a6 5. e3 axb5 6. Bxb5 Qa5+ 7. Nc3 Bb7 8. Ne2
Nxd5 9. O-O Nc7 10. a4 e6 11. Ng3 Be7 12. Qg4 g6 13. e4 h5 14. Qf4 h4 15. Nge2
Nc6 16. Bd2 Qb6 17. Rfd1 g5 18. Qe3 Nd4 19. a5 Qa7 20. Nxd4 cxd4 21. Qd3 Bf6 22.
Na4 Nxb5 23. Qxb5 Bxe4 24. Nb6 Bc6 25. Qc5 Rg8 26. Bb4 Rb8 27. Nd5 1-0